000 00558cam a2200193 4500500
005 20260329004944.0
041 _afre
042 _adc
100 1 0 _aPortevin, Catherine
_eauthor
245 0 0 _aL’Imprévu
260 _c2021.
500 _a15
690 _aAlexis Lavis
690 _aPlanification
690 _aPrévision
690 _aTaoïsme
786 0 _nPhilosophie magazine | 154 | 11 | 2021-11-01 | p. 57-58 | 1951-1787
856 4 1 _uhttps://shs.cairn.info/magazine-philosophie-magazine-2021-11-page-57?lang=fr&redirect-ssocas=7080
999 _c1838902
_d1838902